Financial management (Record no. 5492)

MARC details
000 -LEADER
fixed length control field 00497cam a2200193ua 4500
001 - CONTROL NUMBER
control field 6345
005 - DATE AND TIME OF LATEST TRANSACTION
control field 20260515114033.0
008 - FIXED-LENGTH DATA ELEMENTS--GENERAL INFORMATION
fixed length control field 131129n ii |||gr||||Z||||||eng
040 ## - CATALOGING SOURCE
Transcribing agency MAIN
082 ## - DEWEY DECIMAL CLASSIFICATION NUMBER
Classification number 658.15
245 ## - TITLE STATEMENT
Title Financial management
Statement of responsibility, etc. By P.V. Kulkarni
260 ## - PUBLICATION, DISTRIBUTION, ETC.
Place of publication, distribution, etc. Mumbai:
Name of publisher, distributor, etc. Himalaya publishing house,
Date of publication, distribution, etc. 2002.
300 ## - PHYSICAL DESCRIPTION
Extent x,860p.
653 ## - INDEX TERM--UNCONTROLLED
Uncontrolled term Commerce
653 ## - INDEX TERM--UNCONTROLLED
Uncontrolled term Financial management
700 ## - ADDED ENTRY--PERSONAL NAME
Personal name Kulkarni,P.V.,
Relator term Author.,
700 1# - ADDED ENTRY--PERSONAL NAME
Personal name Satyaprasad,B.G.,
Relator term Author.
942 ## - ADDED ENTRY ELEMENTS (KOHA)
Koha item type Books
Holdings
Withdrawn status Lost status Damaged status Not for loan Home library Current library Shelving location Date acquired Total checkouts Full call number Barcode Date last seen Copy number Price effective from Koha item type Date last checked out
        Naharkatiya College Library Naharkatiya College Library General stacks 09/19/2020   658.15 | KUL 14041 09/19/2020 1 09/19/2020 Books  
        Naharkatiya College Library Naharkatiya College Library General stacks 09/19/2020 2 658.15 | KUL 1639 02/14/2025 2 09/19/2020 Books 02/10/2025